Catálogo de la Biblioteca Horacio González - Universidad Nacional de General Sarmiento

Good bye Lenin (Registro nro. 54514)

Detalles MARC
000 -CABECERA
campo de control de longitud fija 01670ngm a22003370a 4500
001 - NÚMERO DE CONTROL
campo de control PT19097
003 - IDENTIFICADOR DEL NÚMERO DE CONTROL
campo de control AR-LpoUNG
005 - FECHA Y HORA DE LA ÚLTIMA TRANSACCIÓN
campo de control 20210202000258.0
007 - CAMPO FIJO DE DESCRIPCIÓN FÍSICA--INFORMACIÓN GENERAL
campo de control de longitud fija vd cvaizq
008 - DATOS DE LONGITUD FIJA--INFORMACIÓN GENERAL
campo de control de longitud fija 191001s2004||||ag |||||||||||||||||eng d
037 ## - FUENTE DE ADQUISICIÓN
Condiciones de disponibilidad $16,63
040 ## - FUENTE DE LA CATALOGACIÓN
Centro catalogador/agencia de origen AR-LpoUNG
Lengua de catalogación spa
Centro/agencia transcriptor AR-LpoUNG
Normas de descripción aacr
044 ## - CÓDIGO DEL PAÍS DE LA ENTIDAD EDITORA/PRODUCTORA
Código MARC del país ag
082 0# - NÚMERO DE LA CLASIFICACIÓN DECIMAL DEWEY
Número de clasificación 943.1 395goo
100 1# - ENTRADA PRINCIPAL--NOMBRE DE PERSONA
Nombre de persona Becker, Wolfang
Término indicativo de función/relación dir.
245 10 - MENCIÓN DE TÍTULO
Título Good bye Lenin
260 ## - PUBLICACIÓN, DISTRIBUCIÓN, ETC.
Lugar de publicación, distribución, etc. Buenos Aires :
Nombre del editor, distribuidor, etc. AVH,
Fecha de publicación, distribución, etc. 2004.
300 ## - DESCRIPCIÓN FÍSICA
Extensión VHS (118 min.) : son., col.
505 0# - NOTA DE CONTENIDO CON FORMATO
Nota de contenido con formato Subtítulos en español
520 ## - SUMARIO, ETC.
Sumario, etc. Octubre de 1989 no era el mejor momento para entrar en coma si vivías en Alemania Oriental y eso es precisamente lo que le ocurre a la madre de Alex, una mujer orgullosa de sus ideas socialistas. Alex se ve envuelto en una complicada situación cuando su madre despierta de repente ocho meses después. Ninguna otra cosa podría afectar tanto a su madre como la caída del Muro de Berlín y el triunfo del capitalismo en su amada Alemania Oriental. Para salvar a su madre, Alex convierte el apartamento familiar en una isla anclada en el pasado, una especie de museo del socialismo en el que su madre vive cómodamente creyendo que nada ha cambiado. Lo que empieza como una pequeña mentira piadosa se convierte en una gran estafa cuando la hermana de Alex y algunos vecinos se encargan de mantener la farsa para que la madre de Alex siga creyendo que al final Lenin venció.
650 #4 - PUNTO DE ACCESO ADICIONAL DE MATERIA--TÉRMINO DE MATERIA
Término de materia o nombre geográfico como elemento de entrada ALEMANIA
650 #4 - PUNTO DE ACCESO ADICIONAL DE MATERIA--TÉRMINO DE MATERIA
Término de materia o nombre geográfico como elemento de entrada COMUNISMO
650 #4 - PUNTO DE ACCESO ADICIONAL DE MATERIA--TÉRMINO DE MATERIA
Término de materia o nombre geográfico como elemento de entrada DRAMA
650 #4 - PUNTO DE ACCESO ADICIONAL DE MATERIA--TÉRMINO DE MATERIA
Término de materia o nombre geográfico como elemento de entrada HISTORIA SOCIAL
650 #4 - PUNTO DE ACCESO ADICIONAL DE MATERIA--TÉRMINO DE MATERIA
Término de materia o nombre geográfico como elemento de entrada SISTEMAS POLITICOS
651 #4 - PUNTO DE ACCESO ADICIONAL DE MATERIA--NOMBRE GEOGRÁFICO
Nombre geográfico Dinamarca
653 ## - TÉRMINO DE INDIZACIÓN--NO CONTROLADO
Término no controlado COMEDIA
653 ## - TÉRMINO DE INDIZACIÓN--NO CONTROLADO
Término no controlado VIDEOS
905 ## - ELEMENTOS DE DATOS E LOCAL, LDE (RLIN)
a 19097
942 ## - ELEMENTOS DE PUNTO DE ACCESO ADICIONAL (KOHA)
Tipo de ítem Koha Video
Existencias
Estado de retiro Estado de pérdida Estado dañado No para préstamo Código de colección Localización permanente Ubicación/localización actual Fecha de adquisición Total de préstamos Signatura topográfica completa Código de barras Fecha visto por última vez Precio válido a partir de Tipo de ítem Koha
        Colección Cine Biblioteca Universidad Nacional de General Sarmiento Biblioteca Universidad Nacional de General Sarmiento 02/02/2021   943.1 395goo 00021172 02/02/2021 02/02/2021 Video